Um Sonho eu Tenho (Enrolados) Letra Completa - Statistics

Estatísticas Gerais
  • Esse quiz foi jogado 126 vezes
  • A pontuação média é 182 de 334
Estatísticas das Respostas
Resposta % Correto
e
96%
é
96%
E
96%
à
92%
a
92%
sonho
92%
tenho
92%
Tenho
92%
um
92%
Um
92%
eu
90%
Eu
90%
sim
90%
de
88%
Meu
88%
meu
88%
As
86%
as
86%
O
78%
o
78%
76%
no
73%
se
73%
têm
73%
tem
73%
do
69%
Sou
67%
sou
67%
com
63%
Com
63%
mal
63%
na
63%
Você
63%
tão
61%
mim
59%
ser
59%
minha
57%
Minha
57%
pianista
57%
Malvado
55%
mas
55%
assim
53%
violento
53%
foi
51%
que
51%
Que
51%
riso
51%
fundo
49%
mãos
49%
bem
45%
gancho
45%
Imagine
45%
marcas
45%
uma
45%
ao
43%
Mozart
43%
rosnento
43%
sempre
43%
Apesar
41%
dinheiro
41%
pra
41%
vista
41%
em
39%
lanternas
39%
Martelando
39%
minhas
39%
tocando
39%
flutuantes
37%
ilha
37%
Mais
37%
mais
37%
nem
37%
palco
37%
pilhas
37%
são
37%
São
37%
teclas
37%
coleção
35%
lado
35%
não
35%
Não
35%
Pois
35%
solteirão
35%
verdade
35%
bronzeado
33%
habilidade
33%
jeito
31%
marfim
31%
por
31%
unicórnios
31%
Afinal
29%
afinal
29%
moça
29%
rude
29%
marmanjo
27%
pessoa
27%
verão
27%
da
24%
linda
24%
Obrigado
24%
sonhos
24%
tanto
24%
aqui
22%
cara
22%
ensolarado
22%
forte
22%
muito
22%
procuro
22%
vezes
22%
barquinho
20%
bom
20%
lugar
20%
montão
20%
mundo
20%
ainda
18%
cicatrizes
18%
Como
18%
dores
18%
gosto
18%
narigão
18%
numa
18%
pescoço
18%
Quanto
18%
ruim
18%
simples
18%
tricota
18%
causo
16%
decorador
16%
enquanto
16%
fora
16%
horrível
16%
Nós
16%
alma
14%
Dentro
14%
horas
14%
inchaços
14%
inchado
14%
ninguém
14%
quer
14%
sensível
14%
teatro
14%
todo
14%
varizes
14%
algum
12%
boa
12%
dedos
12%
dos
12%
faz
12%
florista
12%
mímica
12%
outro
12%
vão
12%
ir
10%
os
10%
sei
10%
sonhadores
10%
Vladimir
10%
amante
8%
desordeiro
8%
embora
8%
guerreiro
8%
adora
6%
amar
6%
dia
6%
doces
6%
enfim
6%
otimistas
6%
temos
6%
Thor
6%
Átila
4%
golpistas
4%
Gunther
4%
maus
4%
moda
4%
brutos
2%
primor
2%
Somos
2%
vejam
2%
vou
2%
borada
0%
grantescos
0%
igual
0%
Wolf
0%
Nenhum quiz correspondente encontrado
Distribuição das Pontuações
Porcentagem de Pessoas com Cada Pontuação
Percentil de Números Respondidos
Sua Pontuação Histórica
Você não jogou esse quiz